Sports Quiz

Random Sports or Football Quiz

Cork City 2007 FAI Cup final Quiz Stats

Quiz not verified by Sporcle

Challenge
Share
Tweet
Embed
Score 0/11 Timer 05:00
0 Plays Today
Position Player % Correct
Centre backDan Murray
97.9%
GoalkeeperMichael Devine
93.8%
Centre forwardJohn O'Flynn
89.6%
Centre midfieldJoe Gamble
85.4%
Left wingLiam Kearney
85.4%
Centre forwardDenis Behan
83.3%
Centre midfieldColin Healy
70.8%
Centre backBrian O'Callaghan
64.6%
Left backBilly Woods
60.4%
Right backCillian Lordan
47.9%
Right wingLeon McSweeney
33.3%

You're not logged in!

Compare scores with friends on all Sporcle quizzes.
Sign Up with Email
OR
Log In

You Might Also Like...

Show Comments

Extras

Top Quizzes Today


Score Distribution

Your Account Isn't Verified!

In order to create a playlist on Sporcle, you need to verify the email address you used during registration. Go to your Sporcle Settings to finish the process.

Report this User

Report this user for behavior that violates our Community Guidelines.

Details: